| 000 | 00948cam a2200229 i 4500 | ||
|---|---|---|---|
| 003 | SA-RiAUC | ||
| 005 | 20250818054632.0 | ||
| 008 | 250801s1960 ua g b 000 0 ara c | ||
| 040 |
_aSA-RiKSU _bara _cSA-RiAUC _erda |
||
| 082 | 0 | 4 | _a016.23 |
| 090 |
_a016.23 _b ك ت ا |
||
| 100 | 1 |
_aالكتاني، محمد بن جعفر بن إدريس، _d1274-1345 هجري _eمؤلف. |
|
| 245 | 1 | 2 |
_aالرسالة المستطرفة لبيان مشهور كتب السنة المشرفة / _cمحمد بن جعفر الكتاني. |
| 264 | 1 |
_aكراتشي، باكستان : _bنور محمد كارخانة تجارت كتب، _c1960 |
|
| 300 |
_a212 صفحة ؛ _c22 سم |
||
| 336 |
_aنص _btxt _2rdacontent _3كتاب |
||
| 337 |
_aبدون وسيط _bn _2rdamedia |
||
| 338 |
_aمجلد _bnc _2rdacarrier |
||
| 650 | 7 |
_aعلم الحديث _vببليوجرافيات _2aucsh |
|
| 942 |
_2ddc _cBOOK _n0 |
||
| 949 |
_aSA-JeALM _d250801 _umohamedma123 _n1 |
||
| 999 |
_c10908 _d10908 |
||